Country Quiz: Liberia 🇱🇷 - Statistics

General Stats
  • This quiz has been taken 20 times
  • The average score is 11 of 25
Answer Stats
Hint Answer % Correct
Nationality Liberian
82%
Time zones 1
73%
Bordering Oceans Atlantic ocean
73%
Language English
73%
Main Religion Christianity
64%
Bordering countries Guinea
64%
Capital Monrovia
64%
Sierra Leone
64%
Climate Tropical
64%
Cote d'Ivoire
55%
Currency Dollar
55%
National Sport Football
55%
In 1917, Liberia declared war on this country, giving the U.S. a base in Western Africa for the war Germany
55%
Measurement System Imperial
55%
Main Economic Sector Primary / Agriculture
45%
Independence 1847
36%
National Animal Asiatic Lion
27%
Between 2013-2016, this virus outbreak took place in Liberia, Guinea and Sierra Leone Ebola virus
18%
Most Famous Leader and first ever African female-elected leader (2006-2018) Ellen Johnson Sirleaf
18%
Former football player and Ballon d'Or winner (1995), turned leader (2018-2024) George Weah
18%
In 1816, this society was formed to establish a new home for former slaves back in the African continent American Colonization Society
9%
Longest serving leader (1944-1971) William Tubman
9%
Second-Largest City Gbarnga
0%
Founding Father Jehudi Ashmun
0%
State-Condition Republic (presidential / unitary)
0%
No matching quizzes found
Score Distribution
Percent of People with Each Score
Percentile by Number Answered
Your Score History
You have not taken this quiz